Introduction à l'étude des glandes endocrines (Record no. 16713)
[ view plain ]
| 000 -LEADER | |
|---|---|
| fixed length control field | 00367 a2200169 4500 |
| 035 ## - SYSTEM CONTROL NUMBER | |
| System control number | 2816 |
| 035 ## - SYSTEM CONTROL NUMBER | |
| System control number | 2817 |
| 035 ## - SYSTEM CONTROL NUMBER | |
| System control number | 3258 |
| 100 ## - VEDETTE PRINCIPALE - NOM DE PERSONNE | |
| Personal name | Girod, C. |
| 250 ## - EDITION STATEMENT | |
| Edition statement | 2ème éd. |
| 245 ## - TITLE STATEMENT | |
| Title | Introduction à l'étude des glandes endocrines |
| 260 ## - PUBLICATION, DISTRIBUTION, ETC. (IMPRINT) | |
| Date of publication, distribution, etc | 1980 |
| 300 ## - PHYSICAL DESCRIPTION | |
| Extent | 408 p. |
| Withdrawn status | Lost status | Damaged status | Not for loan | Location (home branch) | Sublocation or collection (holding branch) | Date acquired | Koha issues (times borrowed) | Koha full call number | Koha date last seen | Price effective from | Koha item type |
|---|---|---|---|---|---|---|---|---|---|---|---|
| Bibliothèque Faculté des Sciences de la Santé | Bibliothèque Faculté des Sciences de la Santé | 27/02/2009 | WK 100 GIR | 27/02/2009 | 27/02/2009 | Livre |